00697 2200229 4500001002100000005001500021007000300036008004100039020002200080035002000102082000800122084001400130100003800144245008900182250000600271260004800277300003000325520004400355650001800399700003300417990001700450INLIS00000000000038520260505121432ta260505 c 0 ind  a978-602-06-2954-4 a0010-0423000012 a611 a611 DEV t0 aDevar Entertainment ( Pengarang )1 aTubuh manusia :bensiklopedia 4D /cDevar Entertainment ; Alih bahasa, Nina Andiana a- aJakarta :bPT Gramedia Pustaka Utama,c2020 a88 :bilus. ;c28.5 cme- aJudul asli : 4D encyclopedia of anatomy 4aTubuh Manusia0 aNina Andiana ( Alih bahasa ) a00089/K/2020